书目信息 |
| 题名: |
百面深度学习
|
|
| 作者: | 诸葛越 , 江云胜 主编 | |
| 分册: | ||
| 出版信息: | 北京 人民邮电出版社 2020.1 |
|
| 页数: | 226页 | |
| 开本: | 17cm | |
| 丛书名: | ||
| 单 册: | ||
| 中图分类: | TP181 | |
| 科图分类: | ||
| 主题词: | 机器学习--算法 | |
| 电子资源: | ||
| ISBN: | 978-7-115-53097-4 | |
| 000 | 00892nam0 2200241 450 | |
| 001 | 012020002422 | |
| 005 | 20200616145847.2 | |
| 010 | @a978-7-115-53097-4@dCNY99.00 | |
| 100 | @a20200616d2020 em y0chiy0110 ea | |
| 101 | 0 | @achi |
| 102 | @aCN@b110000 | |
| 105 | @af z 000zy | |
| 106 | @ar | |
| 200 | 1 | @a百面深度学习@9Bai Mian Shen Du Xue Xi @f诸葛越,江云胜主编 |
| 210 | @a北京@c人民邮电出版社@d2020.1 | |
| 215 | @a226页@d17cm | |
| 330 | @a本书收集了约100道深度学习的题目,涉及深度学习算法和应用两大方面,这些题目大部分在近年算法工程师的笔试、面试中出现过,作者试图从实际应用出发,给出详细的解答,打通从理论到应用的障碍。书中还讲述了很多算法背后的小故事,增加读者对问题的理解。 | |
| 606 | 0 | @a机器学习@x算法 |
| 690 | 0 | @aTP181@v5 |
| 701 | 0 | @a诸葛越@9Zhu Ge Yue @4主编 |
| 701 | 0 | @a江云胜@9Jiang Yun Sheng @4主编 |
| 801 | 0 | @aCN@b人天书店@c20200616 |
| 905 | @aTSG@dTP18@eZ905@f1 | |
| 百面深度学习/诸葛越,江云胜主编.-北京:人民邮电出版社,2020.1 |
| 226页;17cm |
| ISBN 978-7-115-53097-4:CNY99.00 |
| 本书收集了约100道深度学习的题目,涉及深度学习算法和应用两大方面,这些题目大部分在近年算法工程师的笔试、面试中出现过,作者试图从实际应用出发,给出详细的解答,打通从理论到应用的障碍。书中还讲述了很多算法背后的小故事,增加读者对问题的理解。 |
| ● |
| 相关链接 |
|
|
|
正题名:百面深度学习
索取号:TP18/Z905
 
预约/预借
| 序号 | 登录号 | 条形码 | 馆藏地/架位号 | 状态 | 备注 |
| 1 | 1538267 | 215382672 | 自科库301/301自科库 102排7列1层/ [索取号:TP18/Z905] | 在馆 |